[Event "Mittelfrank Regionalliga Sud-West 2223"]
[Site "Mittelfranken"]
[Date "2022.10.09"]
[Round "1.8"]
[White "Riedl, Guenter"]
[Black "Karrer, Werner"]
[Result "1/2-1/2"]
[WhiteElo "1724"]
[BlackElo "1757"]
[PlyCount "111"]
[EventDate "2022.10.09"]
[EventType "team-tourn"]
[EventRounds "9"]
[EventCountry "GER"]
[SourceTitle "EXT 2024"]
[Source "ChessBase"]
[SourceDate "2023.10.10"]
[SourceVersion "1"]
[SourceVersionDate "2023.10.10"]
[SourceQuality "1"]
[WhiteTeam "Marktoberdorf"]
[BlackTeam "Altstadt Roter Turm"]
[WhiteTeamCountry "GER"]
[BlackTeamCountry "GER"]

1. c4 e5 2. g3 Nf6 3. Bg2 d5 4. cxd5 Nxd5 5. Nc3 Nb6 6. d3 Be7 7. Nf3 Nc6 8. 0-0 0-0 9. Be3 Re8 10. Nd2 Nd4 11. Nb3 c6 12. Rc1 Be6 13. Bxd4 exd4 14. Ne4 Rb8 15. Nbc5 Bxc5 16. Nxc5 Bd5 17. Ne4 f5 18. Nc5 Bxg2 19. Kxg2 Qd5+ 20. Kg1 Qxa2 21. Qd2 Qd5 22. Qf4 Qe5 23. e3 dxe3 24. fxe3 g6 25. e4 Qxf4 26. gxf4 Re7 27. e5 Rd8 28. Rf3 Rd4 29. Kf1 Rb4 30. Rc2 Nd5 31. Rcf2 Nc7 32. Rd2 b6 33. Nb7 Ne6 34. Nd6 Rxf4 35. Rxf4 Nxf4 36. d4 Ne6 37. b4 Nc7 38. Nc8 Rd7 39. Nxa7 c5 40. bxc5 bxc5 41. Nc6 cxd4 42. Rxd4 Rxd4 43. Nxd4 Kf7 44. Kf2 Ne6 45. Nf3 h6 46. Ke3 g5 47. Ne1 Nf4 48. h4 Ng6 49. hxg5 hxg5 50. Kd4 g4 51. Nd3 g3 52. Ke3 Ke6 53. Ne1 Kxe5 54. Kf3 f4 55. Nd3+ Kf5 56. Nxf4 1/2-1/2

[Event "Pyramiden Franken Cup"]
[Site "Fuerth"]
[Date "2016.09.04"]
[Round "6"]
[White "Rohde, Patrick"]
[Black "Riedl, Guenter"]
[Result "1/2-1/2"]
[WhiteElo "1964"]
[BlackElo "1879"]
[PlyCount "54"]
[EventDate "2016.09.01"]
[EventType "swiss"]
[EventRounds "7"]
[EventCountry "GER"]
[SourceTitle "CBM 174 Extra"]
[Source "ChessBase"]
[SourceDate "2016.10.10"]
[SourceVersion "1"]
[SourceVersionDate "2016.10.10"]
[SourceQuality "1"]

1. d4 d5 2. c4 e6 3. Nc3 c5 4. dxc5 d4 5. Ne4 Nc6 6. Nf3 Bxc5 7. a3 Be7 8. b4 Nf6 9. Ng3 0-0 10. Qc2 Qc7 11. e3 dxe3 12. Bxe3 Ng4 13. Bd3 Nxe3 14. fxe3 g6 15. 0-0 b6 16. Nd4 Bb7 17. Be4 Nxd4 18. exd4 Rad8 19. Bxb7 Qxb7 20. Rad1 Rd7 21. Rd3 Bh4 22. Ne2 Rfd8 23. a4 Be7 24. Rb3 Bf8 25. Rd1 Bg7 26. Rbd3 Qe4 27. Qd2 Qc6 1/2-1/2

[Event "Pyramiden Franken Cup"]
[Site "Fuerth"]
[Date "2016.09.01"]
[Round "1"]
[White "Riedl, Guenter"]
[Black "Wagner, Florian"]
[Result "0-1"]
[WhiteElo "1879"]
[BlackElo "2126"]
[PlyCount "84"]
[EventDate "2016.09.01"]
[EventType "swiss"]
[EventRounds "7"]
[EventCountry "GER"]
[SourceTitle "CBM 174 Extra"]
[Source "ChessBase"]
[SourceDate "2016.10.10"]
[SourceVersion "1"]
[SourceVersionDate "2016.10.10"]
[SourceQuality "1"]

1. c4 Nf6 2. Nc3 e5 3. g3 Nc6 4. Bg2 Bc5 5. d3 a6 6. Nf3 d6 7. 0-0 0-0 8. Bg5 h6 9. Bxf6 Qxf6 10. Ne4 Qe7 11. Nxc5 dxc5 12. Nd2 Nd4 13. Ne4 Bg4 14. Nc3 c6 15. f3 Bh5 16. Qd2 f5 17. Rf2 Rad8 18. e3 Ne6 19. e4 f4 20. g4 Bf7 21. Rd1 h5 22. h3 hxg4 23. hxg4 b5 24. b3 Ng5 25. Qe2 Rd6 26. Bf1 Rg6 27. Rh2 Be6 28. Kf2 Qd7 29. Ke1 Qd4 30. Nb1 Nxf3+ 31. Qxf3 Bxg4 32. Qf2 Bxd1 33. Qxd4 cxd4 34. Kxd1 Rg1 35. Nd2 g5 36. Rg2 Rxg2 37. Bxg2 g4 38. Ke1 f3 39. Bh1 Kg7 40. Kf2 Rh8 41. Kg1 Kg6 42. Nf1 Kg5 0-1

[Event "Bad Woerishofen op 31st"]
[Site "Bad Woerishofen"]
[Date "2015.03.05"]
[Round "8"]
[White "Knoll, Georg"]
[Black "Riedl, Guenter"]
[Result "1-0"]
[WhiteElo "2012"]
[BlackElo "1899"]
[PlyCount "41"]
[EventDate "2015.02.27"]
[EventType "swiss"]
[EventRounds "9"]
[EventCountry "GER"]
[SourceTitle "CBM 165 Extra"]
[Source "ChessBase"]
[SourceDate "2015.04.21"]
[SourceVersion "1"]
[SourceVersionDate "2015.04.21"]
[SourceQuality "1"]

1. d4 d5 2. Nf3 Nf6 3. g3 e6 4. Bg2 Be7 5. 0-0 0-0 6. c4 c6 7. Qc2 Ne4 8. Nbd2 Nxd2 9. Bxd2 Nd7 10. Rfd1 Bf6 11. e4 g6 12. e5 Bg7 13. Ng5 dxc4 14. Ne4 Kh8 15. Bb4 Rg8 16. Nd6 Qf8 17. Ba3 Bxe5 18. dxe5 Nxe5 19. Qc3 Qg7 20. f4 Ng4 21. Nxf7# 1-0

[Event "Bad Woerishofen op 31st"]
[Site "Bad Woerishofen"]
[Date "2015.02.27"]
[Round "1"]
[White "Riedl, Guenter"]
[Black "Babar, Michael"]
[Result "0-1"]
[WhiteElo "1899"]
[BlackElo "2149"]
[PlyCount "48"]
[EventDate "2015.02.27"]
[EventType "swiss"]
[EventRounds "9"]
[EventCountry "GER"]
[SourceTitle "CBM 165 Extra"]
[Source "ChessBase"]
[SourceDate "2015.04.21"]
[SourceVersion "1"]
[SourceVersionDate "2015.04.21"]
[SourceQuality "1"]

1. e4 c5 2. Nf3 e6 3. d4 cxd4 4. Nxd4 a6 5. Be3 Qc7 6. Bd3 Nf6 7. Nd2 Nc6 8. Nxc6 Qxc6 9. 0-0 d6 10. Qe2 Be7 11. Bf4 e5 12. Bg5 Be6 13. Bxf6 Bxf6 14. c4 0-0 15. b3 Bd8 16. h3 Bb6 17. Nf3 f6 18. Rac1 Qd7 19. Bb1 Rad8 20. Rfd1 Qe7 21. Ne1 f5 22. Kh2 f4 23. Qf3 Qh4 24. Kg1 g5 0-1

[Event "Bad Woerishofen op 29th"]
[Site "Bad Woerishofen"]
[Date "2013.03.02"]
[Round "2"]
[White "Riedl, Guenter"]
[Black "Jicman, Ligia Letitia"]
[Result "0-1"]
[WhiteElo "1921"]
[BlackElo "2145"]
[PlyCount "52"]
[EventDate "2013.03.01"]
[EventType "swiss"]
[EventRounds "9"]
[EventCountry "GER"]
[SourceTitle "CBM 153 Extra"]
[Source "ChessBase"]
[SourceDate "2013.04.22"]
[SourceVersion "1"]
[SourceVersionDate "2013.04.22"]
[SourceQuality "1"]

1. c4 c5 2. Nc3 g6 3. g3 Bg7 4. Bg2 e6 5. e3 Ne7 6. Nge2 0-0 7. 0-0 Nbc6 8. d4 cxd4 9. Nxd4 Nxd4 10. exd4 d5 11. cxd5 Nxd5 12. Nxd5 exd5 13. Be3 Be6 14. Qb3 Qd7 15. Rac1 Rac8 16. Qa3 b6 17. b3 a5 18. Rxc8 Rxc8 19. Rc1 h5 20. h4 Rxc1+ 21. Qxc1 Qb5 22. Qc3 Qe2 23. a4 Qd1+ 24. Kh2 Kh7 25. Bh3 Bxh3 26. Kxh3 Qh1# 0-1